Annie : (Record no. 113207)
[ view plain ]
| 000 -LEADER | |
|---|---|
| fixed length control field | 00455nam a2200145 a 4500 |
| 005 - DATE AND TIME OF LATEST TRANSACTION | |
| control field | 20140414132008.0 |
| 008 - FIXED-LENGTH DATA ELEMENTS--GENERAL INFORMATION | |
| fixed length control field | 110223s19uu xx 00 eng d |
| 050 ## - LIBRARY OF CONGRESS CALL NUMBER | |
| Classification number | VCD |
| Item number | C61b 1982 |
| 100 ## - MAIN ENTRY--PERSONAL NAME | |
| Personal name | Huston, John (producer/director) |
| 245 ## - TITLE STATEMENT | |
| Title | Annie : |
| Remainder of title | the movie of tomorrow. |
| 260 ## - PUBLICATION, DISTRIBUTION, ETC. (IMPRINT) | |
| Place of publication, distribution, etc | Quezon City : |
| Name of publisher, distributor, etc | Magna Vision, |
| Date of publication, distribution, etc | 1982. |
| 500 ## - GENERAL NOTE | |
| General note | The movie runs approximately one hour and twenty minute (1:20) |
| 650 ## - SUBJECT ADDED ENTRY--TOPICAL TERM | |
| Topical term or geographic name as entry element | Musical: |
| General subdivision | broadway |
| Withdrawn status | Lost status | Damaged status | Use restrictions | Home library | Current library | Shelving location | Date acquired | Total Checkouts | Full call number | Barcode | Date last seen | Price effective from | Koha item type |
|---|---|---|---|---|---|---|---|---|---|---|---|---|---|
| Munich Library | Munich Library | Audio Visual Material Section | 02/23/2011 | VCD C61b 1982 | M4721 | 04/14/2014 | 04/14/2014 | Audio Visual Materials |